| 000 | 00693nam a22002177a 4500 | ||
|---|---|---|---|
| 003 | OSt | ||
| 005 | 20251206033924.0 | ||
| 008 | 251206b |||||||| |||| 00| 0 eng d | ||
| 020 | _a0-8385-7070-4. | ||
| 040 |
_aDWCL-Main lib. _cOC |
||
| 082 | _aCirc. 615.12 W474n 1994 | ||
| 100 | _aWilson, Billie Ann | ||
| 245 |
_aNurses' drug guide/ _cBillie Ann Wilson |
||
| 260 |
_aConn. : _b Appleton & Lange, _cc1994. |
||
| 300 |
_axix, 1,446 p. ; _c19 cm. |
||
| 650 | _a1. Drug therapy-Nursing-Handbooks. | ||
| 650 | _a2. Pharmaceutical preparations-Nurses' instruction-Periodicals. | ||
| 700 | _aShannon, Margaret T. | ||
| 700 | _dStang, Carolyn L. | ||
| 942 |
_2ddc _cBK-CIRC _hCirc. _n0 |
||
| 999 |
_c7000 _d7000 |
||